|
|
|
|
| LEADER |
00000nam0a2200000 4500 |
| 001 |
274879 |
| 005 |
20231101234754.0 |
| 020 |
|
|
|a RU
|b 84-66874
|
| 035 |
|
|
|a (RuTPU)RU\TPU\book\298108
|
| 090 |
|
|
|a 274879
|
| 100 |
|
|
|a 20141110d1985 m y0rusy5003 ca
|
| 101 |
0 |
|
|a rus
|
| 102 |
|
|
|a RU
|
| 105 |
|
|
|a a j 001zy
|
| 200 |
1 |
|
|a Специальные вопросы архитектурно-строительного проектирования
|e учебное пособие
|f А. С. Ильяшев
|
| 205 |
|
|
|a 2-е изд., перераб. и доп.
|
| 210 |
|
|
|a Москва
|c Стройиздат
|d 1985
|
| 215 |
|
|
|a 165 с.
|c ил.
|
| 320 |
|
|
|a Библиогр.: с. 161-162
|
| 320 |
|
|
|a Предметный указатель: с. 163-164
|
| 606 |
1 |
|
|a Архитектурно-строительное проектирование
|2 stltpush
|3 (RuTPU)RU\TPU\subj\29484
|9 52801
|
| 610 |
1 |
|
|a специальные мероприятия
|
| 610 |
1 |
|
|a подземные сооружения
|
| 610 |
1 |
|
|a защитные сооружения
|
| 610 |
1 |
|
|a убежища
|
| 610 |
1 |
|
|a радиоактивные осадки
|
| 610 |
1 |
|
|a защита
|
| 610 |
1 |
|
|a учебные пособия
|
| 675 |
|
|
|a 721.011(075.8)
|v 3
|
| 700 |
|
1 |
|a Ильяшев
|b А. С.
|g Алексей Сергеевич
|
| 801 |
|
0 |
|a RU
|b RuMRKP
|c 19950704
|g psbo
|
| 801 |
|
1 |
|a RU
|b 63413507
|c 20141110
|
| 801 |
|
2 |
|a RU
|b 63413507
|c 20170123
|g RCR
|
| 942 |
|
|
|c BK
|